ბათუმის შოთა რუსთაველის სახელმწიფო უნივერსიტეტის ბიბლიოთეკა

ჩანაწერი Topical Term

ჩანაწერთა რაოდენობა, რომელიც გამოყენებულია: 1

001 - CONTROL NUMBER

  • control field: 10930

003 - CONTROL NUMBER IDENTIFIER

  • control field: GE_BSU

005 - DATE AND TIME OF LATEST TRANSACTION

  • control field: 20210331152432.0

008 - FIXED-LENGTH DATA ELEMENTS

  • fixed length control field: 210331|| aca||aabn | a|a d

040 ## - CATALOGING SOURCE

  • Original cataloging agency: GE_BSU
  • Transcribing agency: GE_BSU

150 ## - HEADING--TOPICAL TERM

  • Topical term or geographic name entry element: People with visual disabilities
  • General subdivision: Rehabilitation
  • General subdivision: Study and teaching.

670 ## - SOURCE DATA FOUND

  • Source citation: Work cat.: (GE_BSU)0: Ponchillia, Paul E. 10928, Foundations of rehabilitation teaching with persons who are blind or visually impaired /